Normal view
MARC view
- Howard Anton, Irl Bivens, Stephen Davis
Entry Personal Name
001 - CONTROL NUMBER
- control field: 10684
003 - CONTROL NUMBER IDENTIFIER
- control field: NUST
005 - DATE AND TIME OF LATEST TRANSACTION
- control field: 20180601050343.0
008 - FIXED-LENGTH DATA ELEMENTS
- fixed length control field: 180601|| aca||aabn | a|a d
040 ## - CATALOGING SOURCE
- Original cataloging agency: NUST
- Transcribing agency: NUST
100 ## - HEADING--PERSONAL NAME
- Personal name: Howard Anton, Irl Bivens, Stephen Davis
670 ## - SOURCE DATA FOUND
- Source citation: Work cat.: (NUST): Howard Anton, Irl Bivens, Stephen Davis , Calculus , 2013
